Search and destroy: African-American males in the criminal justice system

Gespeichert in:  
Bibliographische Detailangaben
1. VerfasserIn: Miller, Jerome G. 1931-2015 (Verfasst von)
Medienart: Druck Buch
Sprache:Englisch
Veröffentlicht: Cambridge [u.a.] Cambridge University Press 1996
In:Jahr: 1996
Online-Zugang: Inhaltsverzeichnis
Verlagsangaben (Verlag)
Bestand in Tübingen:In Tübingen vorhanden.
UB: KB 19 A 4970
Verfügbarkeit prüfen: HBZ Gateway
Subito Bestelldienst: Jetzt bestellen.
Schlagwörter:

MARC

LEADER 00000cam a2200000 c 4500
001 194064034
003 DE-627
005 20260206195309.0
007 tu
008 960311s1996 xxk||||| 00| ||eng c
016 7 |a 0521460212  |2 UK 
020 |a 0521460212  |c  (: £ 30.00)  |9 0-521-46021-2 
035 |a (DE-627)194064034 
035 |a (DE-603)050443291 
035 |a (DE-576)054606225 
035 |a (DE-599)GBV194064034 
035 |a (OCoLC)246974679 
035 |a (OCoLC)33668154 
040 |a DE-627  |b ger  |c DE-627  |e rakwb 
041 |a eng 
044 |c XA-GB 
050 0 |a HV9950 
082 0 |a 364/.08996073  |q LOC  |2 20 
082 0 |a 364.08996073 
084 |a 71.61  |2 bkl 
084 |a 86.10  |2 bkl 
100 1 |a Miller, Jerome G.  |d 1931-2015  |0 (DE-588)1100199322  |0 (DE-627)859175588  |0 (DE-576)16856453X  |4 aut 
109 |a Miller, Jerome G. 1931-2015  |a Miller, Jerome Gilbert 1931-2015 
245 1 0 |a Search and destroy  |b African-American males in the criminal justice system  |c Jerome G. Miller 
263 |a : £ 30.00 
264 1 |a Cambridge [u.a.]  |b Cambridge University Press  |c 1996 
300 |a XIV, 304 S  |b graph. Darst  |c 24 cm 
336 |a Text  |b txt  |2 rdacontent 
337 |a ohne Hilfsmittel zu benutzen  |b n  |2 rdamedia 
338 |a Band  |b nc  |2 rdacarrier 
500 |a Includes bibliographical references (p. 243-294) and index 
505 8 |a Includes index 
583 1 |a Archivierung prüfen  |c 20200919  |f DE-640  |z 2  |2 pdager 
583 1 |a Archivierung prüfen  |c 20240324  |f DE-4165  |z 1  |2 pdager 
583 1 |a Archivierung/Langzeitarchivierung gewährleistet  |c 20240722  |f NI-LastCopies  |x XA-DE-NI  |z Potenzieller Alleinbesitz Niedersachsen  |2 pdager  |5 DE-89 
650 0 |a Discrimination in criminal justice administration  |z United States 
650 0 |a Criminal justice, Administration of  |z United States 
650 0 |a African American criminals 
650 0 |a African American men 
650 0 |a Discrimination in criminal justice administration  |x United States 
650 0 |a Criminal justice, Administration of  |x United States 
650 0 |a Afro-American criminals  |x United States 
650 0 |a Afro-American men  |x United States 
650 0 |a Criminal Law  |x Justice  |x Racial discrimination 
650 0 |a United States 
856 4 2 |u http://www.loc.gov/catdir/description/cam027/95026128.html  |v 2015-08-18  |x Verlag  |3 Verlagsangaben  |7 1 
856 4 2 |u http://www.loc.gov/catdir/toc/cam026/95026128.html  |v 2015-08-18  |x Verlag  |3 Inhaltsverzeichnis  |7 1 
889 |w (DE-627)279041322 
935 |a MZUSA 
935 |i mdedup 
935 |i Blocktest 
935 |h HEB  |i 0501 
935 |h HEB  |i 0503 
936 b k |a 71.61  |j Diskriminierung  |0 (DE-627)106412221 
936 b k |a 86.10  |j Recht einzelner Länder, Gebiete und Völker  |0 (DE-627)106422499 
936 s n |a m200  |2 mzub 
951 |a BO 
ELC |b 1 
LOK |0 000 xxxxxcx a22 zn 4500 
LOK |0 001 3145985744 
LOK |0 003 DE-627 
LOK |0 004 194064034 
LOK |0 005 19970513000000 
LOK |0 008 960930||||||||||||||||ger||||||| 
LOK |0 040   |a DE-21  |c DE-627  |d DE-21 
LOK |0 852   |a DE-21 
LOK |0 852 1  |c KB 19 A 4970  |9 00 
LOK |0 866   |x Repr. 
LOK |0 935   |a krim 
LOK |0 936ln  |a k4.6.5 
LOK |0 939   |a 30-09-96  |b l01 
ORI |a SA-MARC-krimdoka001.raw 
SIG |a UB: KB 19 A 4970